[Event "BL 0304 SC Kreuzberg - Hamburger SK"]
[Site "?"]
[Date "2003.12.13"]
[Round "5.3"]
[White "Kempinski, Robert"]
[Black "Socko, Bartosz"]
[Result "1/2-1/2"]
[WhiteElo "2561"]
[BlackElo "2547"]
[PlyCount "44"]
[EventDate "2003.??.??"]

1. d4 Nf6 2. c4 e6 3. Nf3 b6 4. g3 Ba6 5. Qb3 Bb7 6. Bg2 c5 7. O-O cxd4 8. Nxd4
Bxg2 9. Kxg2 Nc6 10. Nxc6 dxc6 11. Qf3 Qc8 12. Nc3 Be7 13. Bf4 O-O 14. Rfd1 Qb7
15. Rd3 Rad8 16. Rad1 Rxd3 17. Rxd3 a6 18. Bd6 Rc8 19. Ne4 Nxe4 20. Qxe4 Bf6
21. Be5 Be7 22. Bd6 Bf6 1/2-1/2

[Event "BL 0304 SC Kreuzberg - Hamburger SK"]
[Site "?"]
[Date "2003.12.13"]
[Round "5.4"]
[White "Tischbierek, Raj"]
[Black "Hansen, Sune Berg"]
[Result "0-1"]
[WhiteElo "2519"]
[BlackElo "2551"]
[PlyCount "120"]
[EventDate "2003.??.??"]

1. e4 c5 2. Nf3 e6 3. d4 cxd4 4. Nxd4 a6 5. Be2 Nf6 6. Nc3 d6 7. f4 Qc7 8. a4
Be7 9. O-O O-O 10. Kh1 b6 11. Bf3 Bb7 12. e5 dxe5 13. fxe5 Nfd7 14. Bxb7 Qxb7
15. Bf4 Nc6 16. Qf3 Rfc8 17. Bg3 Nd8 18. Qh5 Nf8 19. Rad1 Rc4 20. Rd3 Rac8 21.
Be1 Bb4 22. Nde2 Ng6 23. Rh3 h6 24. Bd2 Bf8 25. Nf4 Nxf4 26. Bxf4 b5 27. axb5
axb5 28. Rg3 Kh7 29. Nd1 g6 30. Qh4 Qe7 31. Qxe7 Bxe7 32. c3 Kg7 33. Rd3 Nc6
34. Bg3 Rc7 35. Re1 Bh4 36. Bxh4 Rxh4 37. g3 Rc4 38. Kg2 Rc5 39. Rde3 Rd7 40.
R3e2 b4 41. cxb4 Nxb4 42. Nf2 Nc6 43. Rb1 Rb5 44. Ng4 h5 45. Nf6 Rd8 46. Rbe1
Rdb8 47. g4 hxg4 48. Nxg4 Rxb2 49. Rxb2 Rxb2+ 50. Kg3 Nd4 51. Re4 Nf5+ 52. Kf4
Rg2 53. Ra4 Nh6 54. h3 Rg1 55. Kg5 Rg3 56. Ra8 Nf5 57. Kf4 Rxh3 58. Nf6 Rh8 59.
Rxh8 Kxh8 60. Ne8 Kg8 0-1

[Event "BL 0304 SC Kreuzberg - Hamburger SK"]
[Site "?"]
[Date "2003.12.13"]
[Round "5.5"]
[White "Wahls, Matthias"]
[Black "Lau, Ralf"]
[Result "1/2-1/2"]
[WhiteElo "2546"]
[BlackElo "2503"]
[PlyCount "42"]
[EventDate "2003.??.??"]

1. c4 g6 2. g3 Bg7 3. Bg2 e6 4. d4 d5 5. Nf3 Ne7 6. O-O Nbc6 7. Na3 O-O 8. e3
b6 9. Bd2 a5 10. Qb3 Ba6 11. Rfd1 Qd7 12. Rac1 Rfc8 13. Be1 h6 14. Bh3 f5 15.
Bf1 g5 16. Nb5 g4 17. Nh4 Nd8 18. a4 Nf7 19. Rc2 c6 20. Na3 Rcb8 21. Ng2 Ng5
1/2-1/2

[Event "BL 0304 SC Kreuzberg - Hamburger SK"]
[Site "?"]
[Date "2003.12.13"]
[Round "5.6"]
[White "Kalinitschew, Sergey"]
[Black "Bezold, Michael"]
[Result "1/2-1/2"]
[WhiteElo "2519"]
[BlackElo "2456"]
[PlyCount "44"]
[EventDate "2003.??.??"]

1. d4 d6 2. g3 c5 3. Nf3 cxd4 4. Nxd4 Nf6 5. Bg2 a6 6. O-O Qc7 7. Nc3 e6 8. e4
Be7 9. Re1 O-O 10. f4 Nc6 11. Nxc6 bxc6 12. e5 dxe5 13. fxe5 Nd5 14. Na4 Bb7
15. Qe2 Qa5 16. b3 Bb4 17. Rf1 Nc3 18. Qg4 Nxa4 19. Bh6 Qxe5 20. Qxb4 Qc5+ 21.
Qxc5 Nxc5 22. Bg5 f6 1/2-1/2

[Event "BL 0304 SC Kreuzberg - Hamburger SK"]
[Site "?"]
[Date "2003.12.13"]
[Round "5.7"]
[White "Reeh, Oliver"]
[Black "Volke, Karsten"]
[Result "0-1"]
[WhiteElo "2446"]
[BlackElo "2467"]
[PlyCount "66"]
[EventDate "2003.??.??"]

1. e4 e5 2. Nf3 Nc6 3. Bb5 a6 4. Ba4 Nf6 5. d3 d6 6. c3 g6 7. Bg5 Bg7 8. Nbd2
O-O 9. Nf1 h6 10. Bxf6 Bxf6 11. Ne3 Bg7 12. h4 f5 13. Bxc6 bxc6 14. Qa4 Qe8 15.
O-O-O a5 16. Rhe1 Bd7 17. Nc4 Qf7 18. exf5 gxf5 19. Ncxe5 dxe5 20. Nxe5 Qe6 21.
f4 Be8 22. Re3 c5 23. Qa3 Bf7 24. c4 Qd6 25. Qc3 Qd4 26. Qxd4 cxd4 27. Rg3 Kh7
28. Nxf7 Rxf7 29. Re1 Bf8 30. h5 Bd6 31. Rf1 Re8 32. Kd2 Rfe7 33. Rf2 Bb4+ 0-1

[Event "BL 0304 SC Kreuzberg - Hamburger SK"]
[Site "?"]
[Date "2003.12.13"]
[Round "5.8"]
[White "Muse, Drazen"]
[Black "Heinemann, Thies"]
[Result "0-1"]
[WhiteElo "2443"]
[BlackElo "2426"]
[PlyCount "76"]
[EventDate "2003.??.??"]

1. e4 c5 2. Nf3 d6 3. c3 Nf6 4. Be2 Nbd7 5. d3 b6 6. Nbd2 Bb7 7. O-O g6 8. Re1
Bg7 9. Nf1 O-O 10. Ng3 Qc7 11. Bf1 e5 12. d4 d5 13. exd5 exd4 14. c4 Rfe8 15.
a4 a5 16. h3 Bf8 17. Bd3 Rxe1+ 18. Qxe1 Re8 19. Qd1 Bd6 20. Nf1 Bc8 21. N1d2
Bf4 22. Nb1 Nh5 23. Na3 Ne5 24. Bxf4 Nxf4 25. Nb5 Nxf3+ 26. Qxf3 Qe5 27. Bf1 h5
28. Na7 Bd7 29. Qb3 Qb8 30. Nb5 h4 31. Rd1 Kg7 32. Qf3 Qe5 33. Qb3 Kh7 34. Na7
Qg5 35. Kh1 Kg7 36. Qxb6 Qh5 37. Qb3 d3 38. Kh2 Qe5 {ZUe} 0-1

[Event "BL 0304 SCA St Ingbert - SV Wattenschei"]
[Site "?"]
[Date "2003.12.14"]
[Round "6.1"]
[White "Aronian, Levon"]
[Black "Bauer, Christian"]
[Result "1/2-1/2"]
[WhiteElo "2649"]
[BlackElo "2602"]
[PlyCount "33"]
[EventDate "2003.??.??"]

1. d4 e6 2. c4 f5 3. g3 Nf6 4. Bg2 Bb4+ 5. Bd2 Be7 6. Nf3 d6 7. O-O O-O 8. Nc3
c6 9. b4 Ne4 10. b5 Nd7 11. bxc6 bxc6 12. Qc2 d5 13. c5 Ba6 14. Rfd1 Bf6 15.
Be1 Qc7 16. e3 g5 17. Qa4 1/2-1/2

[Event "BL 0304 SCA St Ingbert - SV Wattenschei"]
[Site "?"]
[Date "2003.12.14"]
[Round "6.2"]
[White "Marcelin, Cyril"]
[Black "Nielsen, Peter-Heine"]
[Result "1/2-1/2"]
[WhiteElo "2473"]
[BlackElo "2626"]
[PlyCount "96"]
[EventDate "2003.??.??"]

1. d4 Nf6 2. c4 e6 3. Nc3 Bb4 4. Qc2 O-O 5. a3 Bxc3+ 6. Qxc3 b6 7. Bg5 Ba6 8.
e3 d6 9. Bd3 Nbd7 10. Ne2 c5 11. Qc2 h6 12. Bh4 cxd4 13. exd4 Rc8 14. Qa4 Nb8
15. Rd1 d5 16. cxd5 Bxd3 17. Rxd3 g5 18. Bg3 Qxd5 19. O-O Qc4 20. Qxc4 Rxc4 21.
Nc3 Nbd7 22. f4 g4 23. f5 Re8 24. fxe6 Rxe6 25. Be5 Kg7 26. Bxf6+ Nxf6 27. d5
Rd6 28. Re1 a6 29. Re2 b5 30. Rd1 b4 31. axb4 Rxb4 32. Rdd2 a5 33. Re1 a4 34.
Ra1 Ne4 35. Nxe4 Rxe4 36. Rad1 f5 37. Rd4 Kf6 38. Kf2 Ke5 39. R4d2 f4 40. Kf1
h5 41. Rd3 Rb4 42. Re1+ Kf5 43. Rd2 Re4 44. Red1 h4 45. Rd4 g3 46. hxg3 fxg3
47. Rxe4 Kxe4 48. Ra1 Rf6+ 1/2-1/2

[Event "BL 0304 SCA St Ingbert - SV Wattenschei"]
[Site "?"]
[Date "2003.12.14"]
[Round "6.3"]
[White "Johannessen, Leif Erlend"]
[Black "Lazarev, Vladimir"]
[Result "1/2-1/2"]
[WhiteElo "2495"]
[BlackElo "2526"]
[PlyCount "38"]
[EventDate "2003.??.??"]

1. d4 d5 2. c4 dxc4 3. e3 Nf6 4. Bxc4 e6 5. Nf3 c5 6. O-O a6 7. a4 Nc6 8. Qe2
Qc7 9. Nc3 Bd6 10. Bd2 O-O 11. Rac1 b6 12. Bd3 Bb7 13. Ne4 Nxe4 14. Bxe4 Qe7
15. dxc5 Bxc5 16. Bc3 a5 17. Nd2 f5 18. Bf3 Ba6 19. Nc4 Rac8 1/2-1/2

[Event "BL 0304 SCA St Ingbert - SV Wattenschei"]
[Site "?"]
[Date "2003.12.14"]
[Round "6.4"]
[White "Bricard, Emmanuel"]
[Black "Appel, Ralf"]
[Result "1-0"]
[WhiteElo "2453"]
[BlackElo "2513"]
[PlyCount "81"]
[EventDate "2003.??.??"]

1. d4 d5 2. c4 c6 3. Nf3 Nf6 4. e3 g6 5. Nc3 Bg7 6. Be2 O-O 7. O-O a6 8. a4 a5
9. b3 Na6 10. Ba3 Be6 11. Rc1 Bh6 12. Ne5 Nc7 13. f4 Nd7 14. Bd3 Nxe5 15. dxe5
d4 16. Ne4 dxe3 17. Qe2 Bf5 18. Qxe3 Ne6 19. Rcd1 Kh8 20. Nc5 Qd4 21. Qxd4 Nxd4
22. Bxf5 Nxf5 23. Nd7 Rfe8 24. Rf3 Ng7 25. g3 Ne6 26. Nc5 Nd8 27. Rd7 Rb8 28.
Rfd3 Bf8 29. Bb2 e6 30. Ne4 Be7 31. Nd6 Bxd6 32. exd6+ Kg8 33. Re7 Rf8 34. Bf6
c5 35. Rc7 Nc6 36. d7 Rfd8 37. Bxd8 Rxd8 38. Rxb7 Kf8 39. Rc7 Nd4 40. Kf2 Ke7
41. Rxc5 1-0

[Event "BL 0304 SCA St Ingbert - SV Wattenschei"]
[Site "?"]
[Date "2003.12.14"]
[Round "6.5"]
[White "Handke, Florian"]
[Black "Nguyen, Chi Minh"]
[Result "1/2-1/2"]
[WhiteElo "2476"]
[BlackElo "2375"]
[PlyCount "26"]
[EventDate "2003.??.??"]

1. d4 Nf6 2. Nf3 e6 3. c4 b6 4. Nc3 Bb4 5. Bg5 Bb7 6. e3 h6 7. Bh4 Bxc3+ 8.
bxc3 d6 9. Bd3 Nbd7 10. Qc2 g5 11. Bg3 Qe7 12. e4 e5 13. Nd2 Nh5 1/2-1/2

[Event "BL 0304 SCA St Ingbert - SV Wattenschei"]
[Site "?"]
[Date "2003.12.14"]
[Round "6.6"]
[White "Parmentier, Xavier"]
[Black "Holzke, Frank Dr"]
[Result "0-1"]
[WhiteElo "2335"]
[BlackElo "2471"]
[PlyCount "94"]
[EventDate "2003.??.??"]

1. d4 Nf6 2. Nf3 g6 3. c4 Bg7 4. Nc3 d5 5. Qb3 dxc4 6. Qxc4 O-O 7. e4 Na6 8.
Be2 c5 9. d5 e6 10. O-O exd5 11. exd5 Bf5 12. Bf4 Re8 13. Be5 Qb6 14. d6 Nd7
15. Bxg7 Kxg7 16. Ng5 Ne5 17. Qh4 h6 18. Nge4 Nd7 19. Bb5 Rxe4 20. Nxe4 Qxb5
21. Ng3 Be6 22. Rae1 Nf6 23. f4 Qb4 24. Kh1 Re8 25. b3 Nb8 26. a3 Qb5 27. f5 g5
28. Qh3 Bd5 29. Re7 Rd8 30. Re6 Nbd7 31. Rfe1 Qxb3 32. R6e3 Qc4 33. Re7 Qh4 34.
Qxh4 gxh4 35. Ne2 h3 36. Nf4 Bxg2+ 37. Kg1 Rg8 38. Ne6+ Kh8 39. Rxf7 Be4+ 40.
Kf2 Bxf5 41. Re7 Nd5 42. Nc7 Nxe7 43. dxe7 Nf6 44. Kf3 Bd7 45. Kf4 Rc8 46. Ke5
Rxc7 47. Kxf6 Be8 0-1

[Event "BL 0304 SCA St Ingbert - SV Wattenschei"]
[Site "?"]
[Date "2003.12.14"]
[Round "6.7"]
[White "Dinstuhl, Volkmar Dr"]
[Black "Pirrot, Dieter"]
[Result "1/2-1/2"]
[WhiteElo "2439"]
[BlackElo "2422"]
[PlyCount "55"]
[EventDate "2003.??.??"]

1. Nf3 Nc6 2. c4 e5 3. Nc3 Nf6 4. g3 Bc5 5. d3 d6 6. Bg2 a5 7. O-O O-O 8. h3 h6
9. b3 Be6 10. e3 d5 11. cxd5 Nxd5 12. Bb2 Ndb4 13. Ne4 Bb6 14. Ne1 f5 15. Nc3
f4 16. exf4 exf4 17. gxf4 Rxf4 18. Ne2 Rf7 19. d4 Qd7 20. a3 Nd5 21. Qd3 Re8
22. Kh2 Bf5 23. Qc4 Be4 24. Ng3 Bxg2 25. Nxg2 Ref8 26. f4 Nce7 27. Rae1 c6 28.
Ne4 1/2-1/2

[Event "BL 0304 SCA St Ingbert - SV Wattenschei"]
[Site "?"]
[Date "2003.12.14"]
[Round "6.8"]
[White "Drollinger, Dennis"]
[Black "Straeter, Timo"]
[Result "0-1"]
[WhiteElo "2275"]
[BlackElo "2335"]
[PlyCount "96"]
[EventDate "2003.??.??"]

1. e4 e5 2. Nf3 Nc6 3. Bc4 Bc5 4. c3 Qe7 5. d4 Bb6 6. Bg5 Nf6 7. d5 Nd8 8. d6
cxd6 9. O-O d5 10. exd5 d6 11. Bb5+ Kf8 12. Nbd2 h6 13. Bxf6 Qxf6 14. Nc4 Bc7
15. Ne3 g6 16. b4 Kg7 17. c4 Qe7 18. Qd2 f5 19. c5 Nf7 20. Rac1 f4 21. Nc4 Bg4
22. cxd6 Bxd6 23. Nxd6 Qxd6 24. Be2 Bxf3 25. Bxf3 Ng5 26. Qd3 Rhe8 27. Be4 Qxb4
28. Rc4 Qd6 29. Rfc1 Re7 30. h4 Nf7 31. Qh3 h5 32. a4 Qf6 33. Bb1 Nd6 34. Rc5
e4 35. Re1 Rae8 36. a5 Qd4 37. Qc3 Qxc3 38. Rxc3 Kf6 39. a6 Ke5 40. axb7 Rxb7
41. f3 e3 42. Bxg6 Rg8 43. Bxh5 Rb2 44. Bg4 Nf5 45. Rc4 Rxg4 46. fxg4 Nxh4 47.
d6 Rxg2+ 48. Kh1 Rd2 0-1

[Event "BL 0304 SV Hofheim - Solinger SG"]
[Site "?"]
[Date "2003.12.14"]
[Round "6.2"]
[White "Krivoshey, Sergei"]
[Black "Kasimdzhanov, Rustam"]
[Result "0-1"]
[WhiteElo "2495"]
[BlackElo "2668"]
[PlyCount "118"]
[EventDate "2003.??.??"]

1. Nf3 d5 2. d4 Nf6 3. c4 e6 4. Nc3 Be7 5. Bg5 h6 6. Bxf6 Bxf6 7. e3 O-O 8. Qb3
dxc4 9. Bxc4 c5 10. d5 Bxc3+ 11. bxc3 exd5 12. Bxd5 Qc7 13. O-O Nc6 14. c4 Bd7
15. Rfd1 Rfe8 16. a3 Rac8 17. h3 Be6 18. Bxe6 Rxe6 19. Rd5 Ne7 20. Rd3 Nf5 21.
Rad1 Rd6 22. Rxd6 Nxd6 23. Rd5 Ne4 24. Qb2 Nf6 25. Rd3 Re8 26. a4 b6 27. Qb5
Re6 28. Qb2 Ne4 29. Rd5 Nf6 30. Rd1 Rd6 31. Rxd6 Qxd6 32. Qd2 Qe7 33. Qd3 g6
34. g3 Qe4 35. Qxe4 Nxe4 36. Ne5 Nc3 37. Kf1 Nxa4 38. Ke2 Nb2 39. Kd2 f6 40.
Nxg6 Nxc4+ 41. Kc3 Nd6 42. f3 Kf7 43. Nf4 Nf5 44. Kd3 Nxg3 45. e4 b5 46. Nd5
c4+ 47. Kd4 Ne2+ 48. Ke3 Nc1 49. Kd4 Nb3+ 50. Kc3 a5 51. Nc7 b4+ 52. Kxc4 Nd2+
53. Kd3 Nxf3 54. Nd5 Ke6 55. Ne3 Ne5+ 56. Kc2 a4 57. Nf5 Nf7 58. Kd3 b3 59. Ne3
Ng5 0-1

[Event "BL 0304 SV Hofheim - Solinger SG"]
[Site "?"]
[Date "2003.12.14"]
[Round "6.3"]
[White "Jussupow, Artur"]
[Black "Ginsburg, Gennadi"]
[Result "1/2-1/2"]
[WhiteElo "2589"]
[BlackElo "2483"]
[PlyCount "89"]
[EventDate "2003.??.??"]

1. d4 Nf6 2. c4 g6 3. Nc3 Bg7 4. e4 d6 5. f3 O-O 6. Bg5 Nbd7 7. Qd2 a6 8. Rc1
c5 9. d5 b5 10. b3 b4 11. Na4 Ne5 12. Be2 h5 13. h3 Nh7 14. Be3 Nf6 15. Bd1 e6
16. Ne2 exd5 17. exd5 Re8 18. O-O Ra7 19. Bg5 Qc7 20. Bc2 Nh7 21. Bh4 f5 22.
Rce1 Bd7 23. f4 Nf7 24. Ng3 Raa8 25. Rxe8+ Rxe8 26. Re1 Bf6 27. Bxf6 Nxf6 28.
Nb2 Qd8 29. Nd1 Rxe1+ 30. Qxe1 Qe8 31. Qxe8+ Bxe8 32. Kf2 Bd7 33. Ne3 Nh6 34.
Ngf1 Kg7 35. Nd2 Nf7 36. Kg3 Bc8 37. Kh4 Bd7 38. Nf3 Bc8 39. Ng5 Nxg5 40. fxg5
Nh7 41. Nd1 Nf8 42. Nf2 Nd7 43. Kg3 Ne5 44. Kf4 a5 45. Nd3 1/2-1/2

[Event "BL 0304 SV Hofheim - Solinger SG"]
[Site "?"]
[Date "2003.12.14"]
[Round "6.4"]
[White "Houska, Jovanka"]
[Black "Gabriel, Christian"]
[Result "1/2-1/2"]
[WhiteElo "2358"]
[BlackElo "2560"]
[PlyCount "82"]
[EventDate "2003.??.??"]

1. e4 g6 2. d4 Bg7 3. Nf3 d6 4. Be2 Nf6 5. Nc3 O-O 6. O-O Nbd7 7. h3 c5 8. e5
Ne8 9. exd6 Nxd6 10. dxc5 Nxc5 11. Be3 b6 12. Bd4 Bb7 13. Bxg7 Kxg7 14. Qd4+
Kg8 15. Rfd1 Ne6 16. Qh4 Rc8 17. Ng5 Nxg5 18. Qxg5 Rc5 19. Qf4 Qa8 20. Bf1 Nf5
21. Re1 f6 22. Rad1 e5 23. Qb4 Kh8 24. Nb5 a5 25. Qb3 Nh4 26. Qg3 Nxg2 27. Bxg2
Rxb5 28. Bf1 Rd5 29. Qb3 Qd8 30. c4 Rxd1 31. Rxd1 Qc7 32. Qa3 Rd8 33. Rxd8+
Qxd8 34. c5 bxc5 35. Qxc5 Kg7 36. Bg2 e4 37. b4 axb4 38. Qxb4 Qd1+ 39. Kh2 Qd5
40. a4 Kh6 41. Qf8+ Kg5 1/2-1/2

[Event "BL 0304 SV Hofheim - Solinger SG"]
[Site "?"]
[Date "2003.12.14"]
[Round "6.5"]
[White "Sadler, Matthew"]
[Black "Buchal, Stephan"]
[Result "1-0"]
[WhiteElo "2626"]
[BlackElo "2363"]
[PlyCount "61"]
[EventDate "2003.??.??"]

1. d4 g6 2. e4 Bg7 3. c4 d6 4. Nc3 Nc6 5. d5 Nd4 6. Be3 c5 7. Nge2 Qb6 8. Qd2
Nf6 9. f3 Nd7 10. Rd1 O-O 11. b3 Nxe2 12. Bxe2 Qa5 13. Rc1 a6 14. Bh6 Nf6 15.
Bxg7 Kxg7 16. a4 Bd7 17. f4 b5 18. e5 Ne8 19. cxb5 Qb4 20. bxa6 Qxb3 21. Rb1
Qa3 22. O-O Bf5 23. Rb7 Bc8 24. Rxe7 Bxa6 25. Bxa6 Rxa6 26. Rb1 Kg8 27. Reb7 c4
28. Rb8 Qc5+ 29. Qf2 Qa5 30. Qd4 Qc7 31. R1b7 1-0

[Event "BL 0304 SV Hofheim - Solinger SG"]
[Site "?"]
[Date "2003.12.14"]
[Round "6.6"]
[White "Burkart, Patrick"]
[Black "Naumann, Alexander"]
[Result "1/2-1/2"]
[WhiteElo "2355"]
[BlackElo "2518"]
[PlyCount "40"]
[EventDate "2003.??.??"]

1. d4 d5 2. Nf3 Nf6 3. c4 e6 4. e3 c5 5. Nc3 Nc6 6. cxd5 exd5 7. Be2 Bd6 8.
dxc5 Bxc5 9. O-O O-O 10. b3 a6 11. Bb2 Re8 12. Rc1 Ba7 13. Rc2 d4 14. exd4 Nxd4
15. Nxd4 Qxd4 16. Qxd4 Bxd4 17. Bf3 Bf5 18. Rd2 Bxc3 19. Bxc3 Ne4 20. Bxe4 Bxe4
1/2-1/2

[Event "BL 0304 SV Hofheim - Solinger SG"]
[Site "?"]
[Date "2003.12.14"]
[Round "6.7"]
[White "Werle, Jan"]
[Black "Brendel, Oliver"]
[Result "1-0"]
[WhiteElo "2409"]
[BlackElo "2311"]
[PlyCount "63"]
[EventDate "2003.??.??"]

1. Nf3 Nf6 2. c4 g6 3. Nc3 d5 4. Qa4+ Bd7 5. Qb3 dxc4 6. Qxc4 Bg7 7. e4 O-O 8.
e5 Ng4 9. d4 c6 10. h3 Nh6 11. Bf4 Be6 12. Qe2 c5 13. Rd1 cxd4 14. Nxd4 Qb6 15.
g4 Nc6 16. Nxe6 fxe6 17. Be3 Qa5 18. Qb5 Qc7 19. Qc4 Qxe5 20. Bg2 Nf7 21. O-O
Nd6 22. Qa4 Rac8 23. Rfe1 b5 24. Qa6 Nb4 25. Qxa7 Nc2 26. Re2 Nxe3 27. Rxe3 Qc5
28. Qxe7 Rxf2 29. Qxe6+ Kh8 30. Rd5 Qa7 31. Kxf2 Re8 32. Nxb5 1-0

[Event "BL 0304 SV Hofheim - Solinger SG"]
[Site "?"]
[Date "2003.12.14"]
[Round "6.8"]
[White "Zunker, Reinhard Dr"]
[Black "Hoffmann, Michael"]
[Result "1/2-1/2"]
[WhiteElo "2184"]
[BlackElo "2430"]
[PlyCount "55"]
[EventDate "2003.??.??"]

1. e4 c5 2. Nf3 e6 3. Nc3 a6 4. d4 cxd4 5. Nxd4 Qc7 6. Be3 Bb4 7. Qd2 Nf6 8.
Bd3 d5 9. exd5 Nxd5 10. Nde2 O-O 11. a3 Nxe3 12. Qxe3 Bc5 13. Qh3 f5 14. Qh4
Nc6 15. Bc4 Ne5 16. Bb3 Ng4 17. O-O Be7 18. Qh5 Bd7 19. Nd4 Kh8 20. Nxe6 Bxe6
21. Bxe6 g6 22. Qh3 Bd6 23. g3 Be5 24. Qg2 Rad8 25. Rad1 Bxc3 26. bxc3 Rfe8 27.
Bd5 b5 28. Qf3 1/2-1/2

[Event "BL 0304 TV Tegernsee - SC Kreuzberg"]
[Site "?"]
[Date "2004.02.15"]
[Round "8.4"]
[White "Bischoff, Klaus"]
[Black "Lau, Ralf"]
[Result "1-0"]
[WhiteElo "2564"]
[BlackElo "2503"]
[PlyCount "71"]
[EventDate "2004.??.??"]

1. d4 d6 2. e4 Nf6 3. f3 d5 4. e5 Nfd7 5. f4 e6 6. Nf3 c5 7. c3 Nc6 8. Be3 a6
9. Nbd2 b5 10. a3 cxd4 11. cxd4 Nb6 12. b3 Bd7 13. Bd3 h6 14. h4 Rc8 15. h5 Na5
16. Bf2 Rc3 17. Qb1 Nb7 18. Ng1 Be7 19. Ne2 Rc7 20. Nf3 a5 21. O-O O-O 22. Qd1
f5 23. exf6 gxf6 24. f5 exf5 25. Nh4 Rf7 26. Nxf5 Bf8 27. Bg3 Rc8 28. Nf4 Bxf5
29. Bxf5 Rc3 30. Rf3 Rc6 31. Re3 Nd6 32. Ne6 Qe7 33. Bxd6 Rxd6 34. Qg4+ Rg7 35.
Qf3 Rf7 36. Rae1 1-0

[Event "BL 0304 TV Tegernsee - SC Kreuzberg"]
[Site "?"]
[Date "2004.02.15"]
[Round "8.5"]
[White "Kalinitschew, Sergey"]
[Black "Boensch, Uwe"]
[Result "0-1"]
[WhiteElo "2519"]
[BlackElo "2545"]
[PlyCount "102"]
[EventDate "2004.??.??"]

1. c4 e6 2. Nc3 d5 3. d4 Nf6 4. cxd5 exd5 5. Bg5 c6 6. Qc2 Be7 7. e3 Nbd7 8.
Bd3 Nh5 9. Bxe7 Qxe7 10. O-O-O Nb6 11. Nge2 g6 12. Kb1 Ng7 13. h4 Bf5 14. Nf4
O-O-O 15. Ka1 Kb8 16. Qb3 Ne6 17. Nxe6 fxe6 18. e4 dxe4 19. Bxe4 Qf6 20. Bxf5
exf5 21. Qb4 Rd7 22. Qc5 Rhd8 23. Qe5+ Qd6 24. h5 Nc4 25. Qxd6+ Rxd6 26. hxg6
hxg6 27. d5 cxd5 28. Rd4 Ne5 29. Rhd1 Ng4 30. f3 Ne3 31. R1d2 g5 32. g3 Nf1 33.
Rg2 Re6 34. a3 Re3 35. f4 g4 36. Ne2 Rde8 37. Nc3 Rxg3 38. Rxg3 Nxg3 39. Rxd5
Ne4 40. Ne2 g3 41. Rxf5 g2 42. Re5 Rxe5 43. fxe5 Nd2 44. Ng1 Kc7 45. b4 Nc4 46.
Ka2 Nxe5 47. Kb3 Kd6 48. a4 Kd5 49. Kc3 Ke4 50. a5 Nf3 51. Nh3 Kf5 0-1

[Event "BL 0304 TV Tegernsee - SC Kreuzberg"]
[Site "?"]
[Date "2004.02.15"]
[Round "8.6"]
[White "Beim, Valery"]
[Black "Volke, Karsten"]
[Result "1/2-1/2"]
[WhiteElo "2518"]
[BlackElo "2467"]
[PlyCount "42"]
[EventDate "2004.??.??"]

1. c4 e5 2. g3 Nf6 3. Bg2 c6 4. d4 Bb4+ 5. Bd2 Bxd2+ 6. Qxd2 d6 7. Nc3 O-O 8.
e3 Be6 9. b3 exd4 10. Qxd4 Qa5 11. Nge2 d5 12. cxd5 Nxd5 13. Qa4 Qxa4 14. Nxa4
Nf6 15. Nc5 Bc8 16. Nd4 Nbd7 17. Rc1 Nxc5 18. Rxc5 a5 19. O-O g6 20. h3 Rd8 21.
Rb1 Nd7 1/2-1/2

[Event "BL 0304 TV Tegernsee - SC Kreuzberg"]
[Site "?"]
[Date "2004.02.15"]
[Round "8.7"]
[White "Muse, Drazen"]
[Black "Hertneck, Gerald"]
[Result "0-1"]
[WhiteElo "2443"]
[BlackElo "2524"]
[PlyCount "78"]
[EventDate "2004.??.??"]

1. g3 d5 2. Bg2 Nf6 3. d3 c6 4. Nd2 e5 5. e3 Bd6 6. Ne2 a5 7. O-O O-O 8. a3 a4
9. Re1 Nbd7 10. b4 axb3 11. cxb3 Qe7 12. Bb2 b5 13. b4 Nb6 14. Rc1 Na4 15. Ba1
c5 16. bxc5 Nxc5 17. Nb1 Bf5 18. e4 dxe4 19. dxe4 Bxe4 20. Bxe4 Ncxe4 21. Nec3
Nxc3 22. Bxc3 Qe6 23. Bb2 h5 24. Rc6 Rfd8 25. Qf3 Qg4 26. Qxg4 hxg4 27. Rb6 b4
28. axb4 Nd5 29. Rb5 Nxb4 30. Nc3 Nd3 31. Re2 Bc5 32. Kg2 f5 33. Nd1 e4 34. Ne3
Rab8 35. Rxc5 Nxc5 36. Bd4 Nd3 37. Nxf5 Rb1 38. Rxe4 Ne1+ 39. Rxe1 Rxe1 0-1

[Event "BL 0304 TV Tegernsee - SC Kreuzberg"]
[Site "?"]
[Date "2004.02.15"]
[Round "8.8"]
[White "Teske, Henrik"]
[Black "Loeffler, Stefan"]
[Result "1-0"]
[WhiteElo "2518"]
[BlackElo "2413"]
[PlyCount "71"]
[EventDate "2004.??.??"]

1. e4 Nf6 2. e5 Nd5 3. d4 d6 4. exd6 exd6 5. Nf3 Bg4 6. c4 Qe7+ 7. Be2 Bxf3 8.
gxf3 Nb6 9. Nc3 g6 10. Be3 N8d7 11. Qc2 Bg7 12. O-O-O c6 13. h4 Nf6 14. f4 d5
15. c5 Nc4 16. Bxc4 dxc4 17. Qa4 O-O 18. Qxc4 b5 19. Qb3 a5 20. d5 a4 21. Qb4
Nxd5 22. Nxd5 cxd5 23. Rxd5 a3 24. b3 Qf6 25. Qd4 Qc6 26. Qd3 Qf6 27. Qd4 Qe7
28. Rd7 Qe6 29. Qd6 Qe4 30. Qd5 Bb2+ 31. Kd2 Qb4+ 32. Ke2 Bf6 33. Rxf7 Rxf7 34.
Qxa8+ Kg7 35. h5 gxh5 36. Rg1+ 1-0

[Event "BL 0304 SK König Plauen - SFR Neukölln"]
[Site "?"]
[Date "2004.02.15"]
[Round "8.1"]
[White "Stohl, Igor Dr"]
[Black "Kindermann, Stefan"]
[Result "1/2-1/2"]
[WhiteElo "2556"]
[BlackElo "2542"]
[PlyCount "34"]
[EventDate "2004.??.??"]

1. d4 d5 2. c4 c6 3. Nc3 Nf6 4. Nf3 a6 5. a4 e6 6. Bg5 a5 7. e3 Be7 8. Rc1 Na6
9. Be2 Nb4 10. O-O O-O 11. Qb3 b6 12. cxd5 Nfxd5 13. Bxe7 Qxe7 14. Ne5 Bb7 15.
Nxd5 exd5 16. Nd3 Rfc8 17. Nxb4 axb4 1/2-1/2

[Event "BL 0304 SK König Plauen - SFR Neukölln"]
[Site "?"]
[Date "2004.02.15"]
[Round "8.3"]
[White "Polzin, Rainer"]
[Black "Priehoda, Viteslav"]
[Result "1-0"]
[WhiteElo "2489"]
[BlackElo "2372"]
[PlyCount "77"]
[EventDate "2004.??.??"]

1. e4 e6 2. d4 d5 3. Nc3 Bb4 4. e5 c5 5. a3 Bxc3+ 6. bxc3 Qc7 7. Qg4 f5 8. Qg3
cxd4 9. cxd4 Ne7 10. Bd2 O-O 11. Bd3 b6 12. Ne2 Ba6 13. Nf4 Qd7 14. Bxa6 Nxa6
15. Qd3 Nb8 16. h4 Rc8 17. Rh3 Rc4 18. Rg3 Nbc6 19. c3 Kh8 20. Kf1 Rf8 21. Re1
Ra4 22. Bc1 Na5 23. Qd1 Rc4 24. Ree3 Rc7 25. Rg5 Qc8 26. Reg3 Rxc3 27. Rxc3
Qxc3 28. Nxe6 Rc8 29. Be3 g6 30. Rg3 Qc6 31. Ng5 Nc4 32. Bf4 Nb2 33. Qd2 Qa4
34. e6 Rc2 35. Qe1 Qc4+ 36. Kg1 Re2 37. Qf1 Nd3 38. Qxe2 Nxf4 39. Qe5+ 1-0

[Event "BL 0304 SK König Plauen - SFR Neukölln"]
[Site "?"]
[Date "2004.02.15"]
[Round "8.4"]
[White "Sandner, Gunter"]
[Black "Borriss, Martin Dr"]
[Result "0-1"]
[WhiteElo "2311"]
[BlackElo "2445"]
[PlyCount "102"]
[EventDate "2004.??.??"]

1. d4 Nf6 2. Nf3 g6 3. g3 Bg7 4. Bg2 O-O 5. O-O d6 6. c4 Nc6 7. Nc3 a6 8. b3
Rb8 9. Nd5 Nh5 10. Bb2 e6 11. Nf4 Nxf4 12. gxf4 b5 13. Rb1 Ne7 14. Qd2 Bb7 15.
Rfc1 Be4 16. Ra1 c6 17. Nh4 Bxg2 18. Nxg2 Nf5 19. Rc2 d5 20. cxb5 cxb5 21. e3
Kh8 22. Kh1 Bh6 23. Qe2 Rg8 24. f3 Bg7 25. Rac1 g5 26. Rc7 gxf4 27. Rxf7 fxe3
28. Nxe3 Nd6 29. Ra7 Qb6 30. Rac7 Nc4 31. Rxg7 Rxg7 32. bxc4 bxc4 33. Bc3 Qd6
34. Be1 Qa3 35. Rc3 Rb2 36. Nc2 Qxa2 37. Bg3 Qb1+ 38. Kg2 Rb3 39. Re3 Rxe3 40.
Nxe3 Qd3 41. Qxd3 cxd3 42. Kf2 Rb7 43. Ke1 Rb2 44. Kd1 a5 45. Kc1 Rb3 46. Be1
a4 47. Nd1 a3 48. Bc3 a2 49. Bb2 Kg7 50. Nc3 Kg6 51. Ba1 Kf5 0-1